000 00298nam a2200109 4500
008 180215b xxu||||| |||| 00| 0 eng d
245 _aType 1 diabetes tied to cancer risk.
260 _aPhilippines
_bThe Philippine Star
_cc2016
300 _apage C3.
650 0 _926561
_aDiabetes.
942 _2ddc
_cPER
999 _c8685
_d8685